Conversation Power : (Record no. 15506)
[ view plain ]
| 000 -LEADER | |
|---|---|
| fixed length control field | 00915nma a22002177a 4500 |
| 008 - FIXED-LENGTH DATA ELEMENTS--GENERAL INFORMATION | |
| fixed length control field | 110601s1994 nyu|||||s|||| 000 0 eng d |
| 020 ## - INTERNATIONAL STANDARD BOOK NUMBER | |
| International Standard Book Number | 0743526600 |
| 020 ## - INTERNATIONAL STANDARD BOOK NUMBER | |
| International Standard Book Number | 9780743526609 |
| 082 ## - DEWEY DECIMAL CLASSIFICATION NUMBER | |
| Edition number | 22 |
| Classification number | 658.452 |
| Item number | FLE |
| 100 ## - MAIN ENTRY--PERSONAL NAME | |
| 9 (RLIN) | 24563 |
| Personal name | Fleet, James K Van |
| 245 ## - TITLE STATEMENT | |
| Title | Conversation Power : |
| Remainder of title | [communication skills for business and personal success] |
| 260 ## - PUBLICATION, DISTRIBUTION, ETC. (IMPRINT) | |
| Place of publication, distribution, etc | New York : |
| Name of publisher, distributor, etc | Simon & Schuster Audio, 1994. |
| Date of publication, distribution, etc | 1994 |
| 300 ## - PHYSICAL DESCRIPTION | |
| Extent | 2 sound discs (120 min.) : |
| Other physical details | digital, stereo. ; |
| Dimensions | 4 3/4 in. |
| 306 ## - PLAYING TIME | |
| Playing time | 2 Hours. |
| 653 ## - INDEX TERM--UNCONTROLLED | |
| Resource For college | |
| -- | |
| Arrived date list | June2011 |
| 650 ## - SUBJECT ADDED ENTRY--TOPICAL TERM | |
| 9 (RLIN) | 24564 |
| Topical term or geographic name as entry element | Conversation |
| 650 ## - SUBJECT ADDED ENTRY--TOPICAL TERM | |
| 9 (RLIN) | 13474 |
| Topical term or geographic name as entry element | Interpersonal communication. |
| 650 ## - SUBJECT ADDED ENTRY--TOPICAL TERM | |
| 9 (RLIN) | 12216 |
| Topical term or geographic name as entry element | Interpersonal relations. |
| 942 ## - ADDED ENTRY ELEMENTS (KOHA) | |
| Source of classification or shelving scheme | Dewey Decimal Classification |
| Item type | |
| Withdrawn status | Lost status | Source of classification or shelving scheme | Damaged status | Not for loan | Koha collection | Location (home branch) | Sublocation or collection (holding branch) | Shelving location | Date acquired | Source of acquisition | Cost, normal purchase price | Koha issues (times borrowed) | Koha renewals | Koha full call number | Piece designation (barcode) | Koha date last seen | Koha date last borrowed | Price effective from | Koha item type | Public note |
|---|---|---|---|---|---|---|---|---|---|---|---|---|---|---|---|---|---|---|---|---|
| Dewey Decimal Classification | Baccah | Central Library | Central Library | First floor | 01/06/2011 | 150.00 | 3 | 15 | 658.452 FLE | 000023978 | 24/08/2022 | 06/08/2017 | 01/06/2011 | CD | DVD - (NB) | 2 CDs |